000 00566nam a2200229Ia 4500
003 OSt
005 20221005132136.0
006 a|||||r|||| 00| 0
007 ta
008 221004b |||||||| |||| 00| 0 tam d
024 _a50862
037 _cTextual
040 _aCRL
_cCRL
_btam
041 _2tam
_atam
082 _aO31,6NSA1x, M3
100 _aSami
_9631043
245 0 _aThamizh ilakkiyatthil nattar panpadu
260 _c1983
650 _aTAMIL PROSE
942 _hO31,6NSA1x, M3
_cTEXL
_2cc
999 _c1062559
_d1062559